000 01062nam a2200241 a 4500
001 85303
003 BD-RjUL
005 20250724100254.0
008 250724s2025 bg ||||| |||| 00| 0 ben d
020 _a9789843959010 :
_cTk. 500.00
035 _a(BD-RjUL)85303
040 _aBD-RjUL
_beng
_cBD-RjUL
041 _aben
082 _223
_a371.81095492
_bMOC 2025
100 _aমৌ, রহিমা আক্তার
_916239
245 _aচব্বিশের কন্যারা বিষয় :
_bজুলাই অভ্যুত্থান /
_cরহিমা আক্তার মৌ
300 _a২৬৩ পৃ.:
_bচিত্রসমূহ;
_c২৩ সেমি.
650 _aছাত্র আন্দোলন
_yজুলাই, ২০২৪
_zবাংলাদেশ
650 _aStudent movements
_yJuly, 2024
_zBangladesh
_916131
650 _aগণঅভ্যুত্থান
_yজুলাই, ২০২৪
_zবাংলাদেশ
650 _aMass uprising
_yJuly, 2024
_zBangladesh
_916127
942 _2ddc
_cBK
999 _c85303
_d85303